000 01173nam a22003377a 4500
003 CHAP
005 20220329135109.0
008 971013s1983 r 00010 d
010 _a30877
011 _a31849
035 _a35961
040 _cCHAP
090 _aFolleto 8768
100 0 0 _aCota Agromont, Oscar.
_928553
245 _aV-424, V-425, V-455, V-526 nuevas variedades de maíz de libre polinización para el trópico de México
260 _aC. Obregón, Son. :
_bINIA. Campo Agricola Experimental Valle del Yaqui,
_c1983
300 _a24 p.
_b: ilus.
490 _aINIA. CAEVY. Folleto técnico
_v; 3
590 _aBATCH-UPD
_b10
_c20130110
_lUCH01
_h0108
590 _aBATCH-UPD
_b10
_c20130110
_lUCH01
_h2035
590 _aBATCH-UPD
_b10
_c20130409
_lUCH01
_h2059
590 _aBATCH-UPD
_b10
_c20130410
_lUCH01
_h1350
590 _aBATCH-UPD
_b10
_c20130914
_lUCH01
_h1642
590 _aCONVERSION
_b10
_c20130109
_lUCH01
_h1318
650 1 4 _aMaíz
_xPolen.
_971037
650 1 4 _aMaíz
_xVariedades.
_971081
830 0 _aINIA. CAEVY. Folleto técnico
_v; 3
_958424
901 _aBK
942 _cFOLL
949 _aFolleto 8768
_bBC
_cFOLL
_d-83004
_eTS1
_i35961
_mD
_si
999 _c30877
_d30877